000 00655nam a2200229 a 4500
008 951211s1981||||[C 0 slo c
020 _c19 Kčs.
_q(5000 výtl.)
040 _aSNK
_bslo
_cSNK
_eAACR2
041 1 _aslo
_hpol
044 _axo
_cSK
080 _a884-3
100 1 _aMach, Wilhelm
_4aut
245 1 0 _aVeľký a malý život
_cWilhelm Mach ; Félix Uváček, Jozef Hvišč
250 _a1., vyd.
260 _aBratislava
_bSmena
_c1981
_eBratislava
_fPravda
300 _a173 s., 11,99 AH
_c21 cm
490 0 _aŠtafeta
500 _aIlustr. na front.
700 1 _aUváček, Félix
_4trl
700 1 _aHvišč, Jozef
_4[ADC]
958 _aA
999 _c12196
_d12196